Services for crippled children under the Social security act, title V, part 2; (Record no. 36365)
[ view plain ]
| 000 -LEADER | |
|---|---|
| fixed length control field | 01068cam a22002651 4500 |
| 001 - CONTROL NUMBER | |
| control field | l 41000062 |
| 003 - CONTROL NUMBER IDENTIFIER | |
| control field | DLC |
| 005 - DATE AND TIME OF LATEST TRANSACTION | |
| control field | 20260227111537.0 |
| 008 - FIXED-LENGTH DATA ELEMENTS--GENERAL INFORMATION | |
| fixed length control field | 850129s1941 dcua f000 0 eng c |
| 010 ## - LIBRARY OF CONGRESS CONTROL NUMBER | |
| LC control number | l 41000062 |
| 035 ## - SYSTEM CONTROL NUMBER | |
| System control number | (OCoLC)11632776 |
| 040 ## - CATALOGING SOURCE | |
| Original cataloging agency | U.S. Dept. of Labor. Libr. |
| Transcribing agency | NAlA-M |
| Modifying agency | OCoLC |
| -- | DLC |
| 050 00 - LIBRARY OF CONGRESS CALL NUMBER | |
| Classification number | RD726.U5 |
| Item number | A45 |
| 082 ## - DEWEY DECIMAL CLASSIFICATION NUMBER | |
| Classification number | 362.780973 |
| 110 1# - MAIN ENTRY--CORPORATE NAME | |
| Corporate name or jurisdiction name as entry element | United States. |
| Subordinate unit | Children's Bureau. |
| 245 10 - TITLE STATEMENT | |
| Title | Services for crippled children under the Social security act, title V, part 2; |
| Remainder of title | development of program, 1936-39 ... |
| 260 ## - PUBLICATION, DISTRIBUTION, ETC. | |
| Place of publication, distribution, etc. | Washington, D.C. |
| Name of publisher, distributor, etc. | [U.S. Govt. Print. Off., |
| Date of publication, distribution, etc. | 1941] |
| 300 ## - PHYSICAL DESCRIPTION | |
| Extent | v, 95 p. |
| Other physical details | diagrs. |
| Dimensions | 23 cm. |
| 490 1# - SERIES STATEMENT | |
| Series statement | Its Bureau publication |
| Volume/sequential designation | no. 258 |
| 500 ## - GENERAL NOTE | |
| General note | At head of title: United States Department of Labor, Frances Perkins, secretary. Children's Bureau, Katharine F. Lenroot, chief. |
| 650 #0 - SUBJECT ADDED ENTRY--TOPICAL TERM | |
| Topical term or geographic name entry element | Children with disabilities. |
| 650 #0 - SUBJECT ADDED ENTRY--TOPICAL TERM | |
| Topical term or geographic name entry element | Child welfare |
| Geographic subdivision | United States. |
| 740 0# - ADDED ENTRY--UNCONTROLLED RELATED/ANALYTICAL TITLE | |
| Uncontrolled related/analytical title | Social security act, title V, part 2. |
| 810 1# - SERIES ADDED ENTRY--CORPORATE NAME | |
| Corporate name or jurisdiction name as entry element | United States. |
| Subordinate unit | Children's Bureau. |
| Title of a work | Bureau publication |
| Volume/sequential designation | no. 258. |
No items available.